| 000 | 00446nam a2200181Ia 4500 | ||
|---|---|---|---|
| 008 | 090124s9999 xx 000 0 und d | ||
| 082 | _b36829 | ||
| 100 | _aPRISHVIN MIKHAIL | ||
| 245 | _aTHE SUN'S STOREHOUSE | ||
| 250 | _a1 | ||
| 260 |
_bPROGRESS PUBLISHERS _c1981 |
||
| 300 | _a122 | ||
| 600 | _aPRISHVIN MIKHAIL | ||
| 630 | _aTHE SUN'S STOREHOUSE | ||
| 700 | _aPRISHVIN MIKHAIL | ||
| 730 | _aTHE SUN'S STOREHOUSE | ||
| 942 | _cBOOK | ||
| 999 |
_c102812 _d102812 |
||